| 000 | 00554nam a2200193 a 4500 | ||
|---|---|---|---|
| 005 | 20140310183331.0 | ||
| 008 | 060818s19uu xx 00 eng d | ||
| 020 | _a98124004519 | ||
| 050 |
_aG 155.A1 _b.M263 1999 |
||
| 100 | _aMancini, Marc | ||
| 245 |
_aSelling destinations: _bgeography for the travel professional. / _cMarc Mancini |
||
| 250 | _a3rd ed. | ||
| 260 |
_aAustralia : _bThomson Learning, _c1999. |
||
| 300 |
_a559 p. : _bill. ; _c27 cm. |
||
| 521 | _aTOU | ||
| 650 | _aSelling destinations. | ||
| 942 |
_cBK _2lcc _kFOR |
||
| 999 |
_c21571 _d21571 |
||